| 000 | 01720nam a2200505 i 4500 | ||
|---|---|---|---|
| 001 | 1834 | ||
| 003 | KOSZ 005 | ||
| 005 | 20220722134200.0 | ||
| 008 | 190812s1979 pl a f 001 0 pol | ||
| 015 | _aPB 1981/3111 | ||
| 020 | _a8301002093 | ||
| 035 | _a991012537469705066 | ||
| 035 | _a(PL-WaBN)b13392499-48omnis_nlop | ||
| 035 | _ab13392499 | ||
| 035 | _a(OCoLC)749838533 | ||
| 035 | _a(PL)b0000001339249 | ||
| 035 | _a(EXLNZ-48OMNIS_NETWORK)9910173354205606 | ||
| 040 |
_aWA N _cWA N _dKOSZ 005/RW |
||
| 046 | _k1978 | ||
| 080 | _a621.375.826 | ||
| 080 | _a535 | ||
| 100 | 1 |
_aKaczmarek, Franciszek _d(1928-2015) _eAutor |
|
| 245 | 1 | 0 |
_aWstęp do fizyki laserów / _cFranciszek Kaczmarek. |
| 250 | _aWydanie 1, (dodruk). | ||
| 260 |
_aWarszawa : _bPaństwowe Wydawnictwo Naukowe, _c1979. |
||
| 300 |
_a453, [2] strony, [4] karty tablic kolorowych : _bilustracje, portrety, tabele, wykresy ; _c24 cm. |
||
| 336 |
_aTekst _btxt _2rdacontent |
||
| 337 |
_aBez urządzenia pośredniczącego _bn _2rdamedia |
||
| 338 |
_aWolumin _bnc _2rdacarrier |
||
| 380 | _aKsiążki | ||
| 388 | _a1901-2000 | ||
| 490 | 1 |
_aBiblioteka Fizyki, _x0137-5059 ; _vt. 4 |
|
| 504 | _aBibliografia przy rozdziałach. Indeksy. | ||
| 650 | 7 | _aOptyka | |
| 650 | 7 | _aWzmacniacz | |
| 650 | 7 |
_aLasery _2DBN |
|
| 655 | 7 | _aPodręczniki akademickie | |
| 658 | _aFizyka i astronomia | ||
| 658 | _aInżynieria i technika | ||
| 710 | 2 |
_aPaństwowe Wydawnictwo Naukowe _4pbl |
|
| 830 | 0 |
_aBiblioteka Fizyki ; _vt. 4. |
|
| 856 |
_uhttp://koha.tu.koszalin.pl/cgi-bin/koha/opac-detail.pl?biblionumber=1834 _yKatalog online BPK |
||
| 942 |
_2UKD _cKS |
||
| 999 |
_c1834 _d1834 |
||